| 000 | 00551nam a2200169Ia 4500 | ||
|---|---|---|---|
| 999 |
_c2591 _d2591 |
||
| 003 | DO-SdBJH | ||
| 005 | 20180414142058.0 | ||
| 008 | 180414s9999 dr 000 0 spa d | ||
| 040 |
_aDO-SdBJH _bspa _cDO-SdBJH |
||
| 090 | _aDM AY 06-07 2006 | ||
| 110 | _aCommand and General Staff Officers College | ||
| 245 | 1 | 0 | _aEscenario reference book / Command and General Staff Officers College |
| 260 | _aFort Leavenworth, Kansas : Command and General Staff College, 2006 | ||
| 300 | _a325 páginas | ||
| 650 | 4 | _aEscenario -- Referencia | |
| 942 |
_2ddc _cBK |
||